| 000 | 00352pab a2200145 454500 | ||
|---|---|---|---|
| 008 | 180718b xxu||||| |||| 00| 0 eng d | ||
| 100 | _aGupta Ram Charan | ||
| 245 | _aWelfarist priorities | ||
| 362 | _a28 Oct 93, p.4 | ||
| 650 | _a Government Enterprise | ||
| 650 | _a Health Services | ||
| 650 | _aPublic Sector | ||
| 773 | _aPatriot | ||
| 909 | _a25741 | ||
| 999 |
_c25741 _d25741 |
||